Visualizzazione normale
Vista MARC
- Kondratowicz J.
di Personal Name
Records bibliografici associati: 1
001 - CONTROL NUMBER
- control field: 25047
003 - CONTROL NUMBER IDENTIFIER
- control field: IT-RoPau
005 - DATE AND TIME OF LATEST TRANSACTION
- control field: 20140514173309.0
008 - FIXED-LENGTH DATA ELEMENTS
- fixed length control field: 140514|| aca||aabn | a|a d
040 ## - CATALOGING SOURCE
- Original cataloging agency: IT-RoPau
- Transcribing agency: IT-RoPau
100 ## - HEADING--PERSONAL NAME
- Personal name: Kondratowicz J.
- Dates associated with a name: Codice autore testo/musica SPICS: 25196
- Relator term: Autore testo/musica
- Name of part/section of a work: Wszystko Lub Nic - W Drodze Do Fontainebleau - Cos Smiesznego
670 ## - SOURCE DATA FOUND
- Source citation: Work cat.: (IT-RoPau)99593: AA.VV. 794, Maly Szu (Lp Sx 2507)